00606nam a2200193Ia 4500003000900000008004100009040001600050080002000066245011400086260003700200300001300237650001400250650004300264650001700307650001600324700002300340700002300363700002600386IN-BaIIA211028s9999 xx 000 0 eng d cIIA Library a047.1:52bARA-6 0aAnnual review of astronomy and astrophysicsbvol. 6cedited by Leo Goldberg, David Layzer and John G. Philips aCaliforniabAnnual Reviewsc1968 avii,528p aAstronomy aAstronomy and Astrophysics Thesaurus  aAstrophysics aPeriodicals aGoldberg, Leo, ed. aLayzer, David, ed. aPhilips, John G., ed.